Statistics for Baby typing (or not)

Click here to take the quiz!

General Stats

  • This quiz has been taken 61 times
  • The average score is 29 of 46

Answer Stats

Answer% Correct
a
96%
b
93%
e
93%
c
89%
g
89%
l
89%
p
89%
d
86%
h
86%
i
86%
j
86%
k
86%
f
82%
m
82%
n
82%
o
82%
r
82%
q
79%
s
75%
t
71%
u
71%
w
71%
y
68%
v
64%
1
61%
2
61%
3
61%
4
61%
5
61%
x
61%
6
57%
7
57%
z
57%
8
54%
9
54%
10
39%
11
39%
12
39%
13
36%
14
36%
15
32%
16
21%
19
21%
17
18%
18
18%
20
18%

Score Distribution

Percentile by Number Answered

Percent of People with Each Score

Your Score History

You have not taken this quiz